Sharpening the focus of the church / (Record no. 6026)
[ view plain ]
| 000 -LEADER | |
|---|---|
| fixed length control field | 02118cam a2200313 i 4500 |
| 001 - CONTROL NUMBER | |
| control field | 898987 |
| 003 - CONTROL NUMBER IDENTIFIER | |
| control field | OCoLC |
| 005 - DATE AND TIME OF LATEST TRANSACTION | |
| control field | 20190111164048.0 |
| 008 - FIXED-LENGTH DATA ELEMENTS--GENERAL INFORMATION | |
| fixed length control field | 740421s1974 ilu b 001 0 eng |
| 010 ## - LIBRARY OF CONGRESS CONTROL NUMBER | |
| LC control number | 74162924 |
| 020 ## - INTERNATIONAL STANDARD BOOK NUMBER | |
| International Standard Book Number | 0802479014 |
| 020 ## - INTERNATIONAL STANDARD BOOK NUMBER | |
| International Standard Book Number | 9780802479013 |
| 035 ## - SYSTEM CONTROL NUMBER | |
| System control number | (OCoLC)898987 |
| 040 ## - CATALOGING SOURCE | |
| Original cataloging agency | DLC |
| Language of cataloging | eng |
| Transcribing agency | DLC |
| Modifying agency | WY@ |
| -- | OCLCQ |
| -- | OCLCF |
| -- | OCLCO |
| -- | CIRBC |
| -- | OCLCQ |
| -- | MXL |
| 082 ## - DEWEY DECIMAL CLASSIFICATION NUMBER | |
| Classification number | 260 |
| Item number | G394s |
| 092 ## - LOCALLY ASSIGNED DEWEY CALL NUMBER (OCLC) | |
| Classification number | 260 |
| Item number | G394s |
| 100 1# - MAIN ENTRY--PERSONAL NAME | |
| Personal name | Getz, Gene A. |
| 245 10 - TITLE STATEMENT | |
| Title | Sharpening the focus of the church / |
| Statement of responsibility, etc. | by Gene A. Getz ; introd. by George W. Peters. |
| 260 ## - PUBLICATION, DISTRIBUTION, ETC. | |
| Place of publication, distribution, etc. | Chicago : |
| Name of publisher, distributor, etc. | Moody Press, |
| Date of publication, distribution, etc. | ©1974. |
| 300 ## - PHYSICAL DESCRIPTION | |
| Extent | 320 pages ; |
| Dimensions | 24 cm |
| 336 ## - CONTENT TYPE | |
| Content type term | text |
| Content type code | txt |
| Source | rdacontent |
| 337 ## - MEDIA TYPE | |
| Media type term | unmediated |
| Media type code | n |
| Source | rdamedia |
| 338 ## - CARRIER TYPE | |
| Carrier type term | volume |
| Carrier type code | nc |
| Source | rdacarrier |
| 504 ## - BIBLIOGRAPHY, ETC. NOTE | |
| Bibliography, etc. note | Includes bibliographical references (page 317). |
| 505 0# - FORMATTED CONTENTS NOTE | |
| Formatted contents note | 1. Toward a proper perspective -- Part I: The lens of scripture -- 2. Why the church exists -- 3. Making disciples -- 4. Principles of New Testament evangelism -- 5. Building the church -- 6. Vital New Testament experiences -- 7. Principles of New Testament edification -- 8. Leadership in the New Testament church -- Phase 1 -- 9. Leadership in the New Testament church -- Phase 2 -- 10. The functioning body -- 11. Principles of New Testament leadership -- 12. Biblical examples of administration and organization -- 13. Principles of biblical administration and organization -- 14. Communication in the New Testament -- 15. Principles of New Testament communication -- Part II: The lens of history -- 16. Institutionalism in history -- 17. Reflections of institutionalism in the evangelical church -- Part III: The lens of culture -- 18. Understanding culture -- 19. Cultural implications for the twentieth century church -- Part IV: Developing a contemporary strategy -- 20. Developing proper perspective -- step by step -- 21. Formulating objectives, goals, and standards -- Appendix A: An opportunity to make your own inductive study -- Appendix B: Activities and directives -- results and objectives. |
| 650 #0 - SUBJECT ADDED ENTRY--TOPICAL TERM | |
| Topical term or geographic name entry element | Church. |
| 650 #0 - SUBJECT ADDED ENTRY--TOPICAL TERM | |
| Topical term or geographic name entry element | Theology, Practical. |
| 942 ## - ADDED ENTRY ELEMENTS (KOHA) | |
| Source of classification or shelving scheme | Dewey Decimal Classification |
| Koha item type | Books |
| Withdrawn status | Lost status | Source of classification or shelving scheme | Damaged status | Not for loan | Collection code | Home library | Current library | Shelving location | Date acquired | Cost, normal purchase price | Total Checkouts | Full call number | Barcode | Date last seen | Price effective from | Koha item type |
|---|---|---|---|---|---|---|---|---|---|---|---|---|---|---|---|---|
| Dewey Decimal Classification | Non-fiction | Harvest Mission College | Harvest Mission College | General Stacks | 11.01.2019 | 250.00 | 260 G394s | 007005 | 11.01.2019 | 11.01.2019 | Books |
